| 000 | 00706nam a22002057a 4500 | ||
|---|---|---|---|
| 999 |
_c4664 _d4664 |
||
| 001 | 7177 | ||
| 003 | BD-DhUAP | ||
| 005 | 20201116140709.0 | ||
| 008 | 201116s2003 bg |||| |||| 001 0 ben d | ||
| 020 | _a9844122645 | ||
| 040 |
_aBD-DhUAP _bBen _cBD-DhUAP _dBD-DhUAP |
||
| 082 |
_223 _a954.922 MAM |
||
| 100 | _aমামুন, মুনতাসীর। | ||
| 245 |
_aঢাকা সমগ্র ১ / _cমুনতাসীর মামুন। |
||
| 260 |
_aঢাকা : _bঅনন্যা, _cc২০০৩। |
||
| 300 |
_a৩৮৪ পৃষ্ঠা ; _c২১ সেমি.। |
||
| 500 | _aনির্ঘণ্ট সম্বলিত। | ||
| 651 | _aDhaka, Bangladesh. | ||
| 942 |
_2ddc _cBK |
||